书目信息 |
| 题名: |
舞蹈基础
|
|
| 作者: | 李天方 , 吴萍萍 , 张黎静 主编 | |
| 分册: | ||
| 出版信息: | 长沙 湖南师范大学出版社 2018.03 |
|
| 页数: | 250页 | |
| 开本: | 26cm | |
| 丛书名: | ||
| 单 册: | ||
| 中图分类: | G613.5 | |
| 科图分类: | ||
| 主题词: | 舞蹈--学前教育 | |
| 电子资源: | ||
| ISBN: | 978-7-5648-3134-9 | |
| 000 | 00832nam0 2200253 450 | |
| 001 | 0103152652 | |
| 005 | 20201103152731.0 | |
| 010 | @a978-7-5648-3134-9@dCNY43.80 | |
| 100 | @a20190406d2018 em y0chiy50 ea | |
| 101 | 0 | @achi |
| 102 | @aCN@b430000 | |
| 105 | @aag z 000yy | |
| 106 | @ar | |
| 200 | 1 | @a舞蹈基础@Awu dao ji chu@f李天方, 吴萍萍, 张黎静主编 |
| 210 | @a长沙@c湖南师范大学出版社@d2018.03 | |
| 215 | @a250页@c图@d26cm | |
| 330 | @a本书分为幼儿园舞蹈基础动作、幼儿园舞蹈实例讲解与创编技法、民族民间基础舞蹈动作与幼儿园实例仿编、幼儿园舞蹈的排练与演出四个部分。 | |
| 606 | 0 | @a舞蹈@x学前教育 |
| 690 | @aG613.5@v5 | |
| 701 | 0 | @a李天方@Ali tian fang@4主编 |
| 701 | 0 | @a吴萍萍@Awu ping ping@4主编 |
| 701 | 0 | @a张黎静@Azhang li jing@4主编 |
| 801 | 0 | @aCN@bBJSZM@c20201103 |
| 905 | @b1256716-20@dG613.5@e1070@f5 | |
| 舞蹈基础/李天方, 吴萍萍, 张黎静主编.-长沙:湖南师范大学出版社,2018.03 |
| 250页:图;26cm |
| ISBN 978-7-5648-3134-9:CNY43.80 |
| 本书分为幼儿园舞蹈基础动作、幼儿园舞蹈实例讲解与创编技法、民族民间基础舞蹈动作与幼儿园实例仿编、幼儿园舞蹈的排练与演出四个部分。 |
| ● |
| 相关链接 |
|
|
|
|
正题名:舞蹈基础
索取号:G613.5/1070
 
预约/预借
| 序号 | 登录号 | 条形码 | 馆藏地/架位号 | 状态 | 备注 |
| 1 | 1256716 | 212567168 | 第一样本阅览室/ [索取号:G613.5/1070] | 在馆 | |
| 2 | 1256717 | 212567177 | 教育系资料室/ [索取号:G613.5/1070] | 在馆 | |
| 3 | 1256718 | 212567186 | 教育系资料室/ [索取号:G613.5/1070] | 在馆 | |
| 4 | 1256719 | 212567195 | 第四借阅区/ [索取号:G613.5/1070] | 在馆 | |
| 5 | 1256720 | 212567202 | 第四借阅区/ [索取号:G613.5/1070] | 在馆 |